000 00673nam a2200241Ia 4500
003 OSt
005 20220923214558.0
006 a|||||r|||| 00| 0
007 ta
008 220922b |||||||| |||| 00| 0 hin d
024 _a171,028
037 _cTextual
040 _aARTS
_cARTS
_bhin
041 _2hin
_ahin
082 _aO152:3N14x, J6
100 _aयशपाल
245 0 _aभस्मावृत चिन्गारी
246 _aBhasmāvṛut chingārī
260 _c1956
490 _aविप्लव पुस्तकमाला; 13
942 _hO152:3N14x, J6
_cTEXL
_2CC
999 _c325263
_d325263